000 00675nam a22001817a 4500
005 20240530110539.0
008 160504s2013 ua a|||g ||||c00| 0da d
020 _a9789774482502
040 _aEG-CaGPL
082 0 4 _a962.081
_bق/ع د
_221
100 0 _aعادل كمال خضر
245 1 2 _aالدلالات النفسية لاحداث ثورة 25 يناير المصرية /
_cعادل كمال خضر.
260 _aالقاهرة :
_bالهيئة المصرية العامة للكتاب،
_c2013.
300 _a370 ص. :
_bإيض. ؛
_c24 سم.
651 0 4 _aمصر
_xتاريخ
_yثورة، 2011
942 _2ddc
_cBK
999 _c62224
_d62224